| 000 | 01325 a2200325 4500 | ||
|---|---|---|---|
| 001 | 200130675 | ||
| 999 |
_c200130675 _d30592 |
||
| 003 | TR-AnTOB | ||
| 005 | 20231214093442.0 | ||
| 020 | _a0631218769 | ||
| 040 | _aTR-AnTOB | ||
| 041 | _aeng | ||
| 050 | 0 | 0 |
_aPR461 _b.C597 1999 |
| 090 | _aPR461 .C597 1999 | ||
| 245 | 0 | 2 |
_aA Companion to Victorian Literature & Culture / _cedited by Herbert F. Tucker. |
| 264 | 1 |
_aMalden, Mass. : _bBlackwell Publishers, _c1999. |
|
| 300 |
_axviii, 488 p. ; _c26 cm. |
||
| 504 | _aIncludes bibliographical references and indexes. | ||
| 505 | _aHistory in focus -- Passages of life -- Walks of life -- Kinds of writing -- Borders. | ||
| 650 | 0 |
_aLiterature and society _zGreat Britain _xHistory _y19th century _993550 |
|
| 650 | 0 |
_aEdebiyat ve toplum _zBüyük Britanya _xTarih _y19. yüzyıl _993549 |
|
| 650 | 0 |
_aEnglish literature _y19th century _xHistory and criticism _993455 |
|
| 650 | 7 |
_aİngiliz edebiyatı _y19. yüzyıl _xTarih ve eleştiri _2etuturkob _992745 |
|
| 651 | 0 |
_aBüyük Britanya _xTarih _yVictoria, 1837-1901 _993553 |
|
| 651 | 0 |
_aGreat Britain _xCivilization _y19th century _993552 |
|
| 651 | 0 |
_aGreat Britain _xHistory _yVictoria, 1837-1901 _938593 |
|
| 651 | 0 |
_aBüyük Britanya _xUygarlık _y19. yüzyıl _993551 |
|
| 700 | 1 |
_aTucker, Herbert F. _993548 |
|
| 942 | _cBK | ||